000 00544nam a2200181Ia 4500
005 20250508152057.0
008 008 250505s9999 xx 000 0 eng d
037 _aTextual
040 _aFEDL
_beng
_cFEDL
041 _aeng
_2eng
084 _a371.73, STR
_qFEDL
100 _aStroup Francis
_9760707
245 0 _aMeasurement in physical education: An introducation to its use
260 _aNew York, USA
_bThe Ronald Press Company
_c1957
300 _axii,192p.
942 _cTEXL
_h371.73, STR
999 _c1334107
_d1334107